| 000 | 00526nam a22001697a 4500 | ||
|---|---|---|---|
| 999 |
_c8394 _d8394 |
||
| 008 | 201118b ||||| |||| 00| 0 eng d | ||
| 040 | _aBMS College of Architecture | ||
| 100 | _aSirisha, D S | ||
| 245 | _aAsthra -the martial art academy | ||
| 300 | _aNA | ||
| 500 | _a1BM15AT102 | ||
| 502 |
_8B,Arch _NBMS College of Architecture, Visvesvaraya Technological University (VTU) _aProject report _d2019 |
||
| 650 | _aArt academy | ||
| 700 |
_aGeeno Soa George _eGuide |
||
| 700 |
_aRema Vaidyanathan _eGuide |
||
| 942 |
_2ddc _cTHE |
||